00586nam a2200193 a 4500001001000000003000900010005001700019007000300036008003100039040002500070082001400095100001800109245005900127260004300186300002500229500006200254504003000316600004600346000028474DO-SdBNP20250307073710.0ta110408s1994 dr 000 0 spa d aDO-SdBNPbspacBNPHU 4bF289c2221 aFebres, Laura10aAmérica y Pedro Henríquez Ureña /cLaura Febres. aSanto Domingo :bImprenta ONAP,c1994. aiv, 21 p. ; c21 cm. aFeria Nacional del Libro Pedro Henríquez Ureña, 1992. aBibliografía : p. 19-2110aHenríquez Ureña, Pedro,d1884-1946